Statistics for Famous Germans

Click here to take the quiz!

General Stats

  • This quiz has been taken 32,508 times
  • The average score is 12 of 22

Answer Stats

ClueGerman% Correct
History's most infamous German
(born in Austria)
Adolf Hitler
94%
Discovered relativityAlbert Einstein
93%
First female ChancellorAngela Merkel
84%
"Moonlight Sonata"Ludwig van Beethoven
80%
Started the Protestant ReformationMartin Luther
77%
"Das Kapital"Karl Marx
65%
WWI KaiserWilhelm II
65%
Printing press inventorJohannes Gutenberg
64%
Pope, 2005-2013Pope Benedict XVI
62%
7-time Formula One championMichael Schumacher
56%
"Desert Fox" general of WWIIErwin Rommel
55%
Philisopher who said
"God is dead"
Friedrich Nietzsche
55%
"Ride of the Valkyries"Richard Wagner
54%
"Iron Chancellor"
who united Germany
Otto von Bismarck
52%
"Brandenburg Concertos"Johann Sebastian Bach
49%
Author of "Faust"Johann Wolfgang
von Goethe
41%
Winner of 22 tennis Grand SlamsSteffi Graf
40%
"Great" King of PrussiaFrederick the Great
37%
TV model who says
"Auf Wiedersehen"
Heidi Klum
37%
Chancellor who rebuilt
West Germany (1949-1963)
Konrad Adenauer
26%
Father of rocket scienceWernher von Braun
25%
"The Tin Drum" authorGünter Grass
19%

Score Distribution

Percentile by Number Answered

Percent of People with Each Score

Your Score History

You have not taken this quiz